| 000 | 00988nam a2200325 a 4500 | ||
|---|---|---|---|
| 999 |
_c39 _d39 |
||
| 001 | bl2010003713 | ||
| 003 | OSt | ||
| 005 | 20190724104422.0 | ||
| 008 | 100209r20102009nyu j 000 1 eng d | ||
| 010 | _abl2010003713 | ||
| 020 | _a9780142415573 (pbk.) | ||
| 020 | _a014241557X (pbk.) | ||
| 040 |
_aNjBwBT _cKH8 |
||
| 082 | 0 | 4 |
_aFIC AND _222 |
| 091 | _aFIC | ||
| 100 | 1 |
_aAnderson, Laurie Halse. _eauthor |
|
| 245 | 1 | 0 |
_aWintergirls / _cLaurie Halse Anderson. |
| 246 | 3 | _aWinter girls. | |
| 260 |
_aNew York : _bSpeak, _c2010, c2009. |
||
| 300 |
_a278, 6 p. ; _c21 cm. |
||
| 500 | _aOriginally published: New York : Viking, 2009. | ||
| 500 | _aIncludes discussion questions. | ||
| 520 | _aEighteen-year-old Lia comes to terms with her best friend's death from anorexia as she struggles with the same disorder. | ||
| 650 | 0 |
_aAnorexia nervosa _vFiction. |
|
| 650 | 0 |
_aDeath _vFiction. |
|
| 901 | _aBTCLS | ||
| 908 | 1 | 4 | _aPZ7.A54385 |
| 942 |
_2ddc _cFIC |
||
| 945 | _a.o13576483 | ||